000 00746nam a2200181 a 4500
008 120416s1982 ||||||||||||||||| || u
020 _a0070170916
050 _aHF 5635 Dix
100 _aDixon, Robert L
245 1 4 _aThe McGraw-Hill 36-hour accounting course. (2nd ed.)
250 _a2nd ed.
260 _aNew York :
_bMcGraw-Hill
_c1982
300 _axxiii, 412p. : ill.
350 _a0.00
500 _aEssentially the same text as the author's The executive's accounting primer, 2nd ed., with a study guide and final examination.
650 0 _aACCOUNTING--HANDBOOKS, MANUALS, ETC
995 _D0.00
_FCBU-MAIN LIBRARY (Kitwe)
_H1
_I39.95
_UAVAILABLE
_ZAnnex Low-Usage Collection
999 _c50785
_d50785